| 000 | 00474nam a2200181Ia 4500 | ||
|---|---|---|---|
| 005 | 20250326123854.0 | ||
| 008 | 250326s9999 xx 000 0 und d | ||
| 037 | _aTextbook | ||
| 040 |
_aFMSL _beng _cFMSL |
||
| 041 |
_aeng _2eng |
||
| 084 |
_aS1 K9 _qFMSL |
||
| 100 |
_aPulaski M A N _9736282 |
||
| 245 | 0 |
_aUnderstanding piaget _cPulaski M A N |
|
| 260 |
_aNY _bNY, Harper & Row _c1969 |
||
| 300 | _a235p | ||
| 942 |
_cTB _hS1 K9 |
||
| 999 |
_c1271288 _d1271288 |
||